Christianity in contemporary China : socio-cultural perspectives /

Bibliographic Details
Other Authors: Lim, Francis Khek Gee
Format: Book
Language:English
Published: London ; New York : Routledge, 2012.
Series:Routledge studies in Asian religion and philosophy ; 5.
Subjects:

MARC

Tag First Indicator Second Indicator Subfields
LEADER 00000cam a2200000 a 4500
001 in00002785215
005 20151202171604.0
008 120418s2012 enk b 001 0 eng
010 |a  2012013179 
020 |a 9780415528467 (hardback) 
020 |a 0415528461 (hardback) 
020 |a 9780203094143 (ebook) 
020 |a 020309414X (ebook) 
035 |a (OCoLC)ocn764307114 
040 |a DLC  |c DLC  |d TXA  |d UtOrBLW 
043 |a a-cc--- 
049 |a TXAM 
050 0 0 |a BR1288  |b .C4955 2012 
082 0 0 |a 275.1/083  |2 23 
245 0 0 |a Christianity in contemporary China :  |b socio-cultural perspectives /  |c edited by Francis Khek Gee Lim. 
264 1 |a London ;  |a New York :  |b Routledge,  |c 2012. 
300 |a xii, 265 pages ;  |c 24 cm. 
336 |a text  |b txt  |2 rdacontent 
337 |a unmediated  |b n  |2 rdamedia 
338 |a volume  |b nc  |2 rdacarrier 
490 1 |a Routledge studies in Asian religion and philosophy ;  |v 5 
504 |a Includes bibliographical references and index. 
650 0 |a Christianity  |z China  |x History  |y 20th century. 
650 0 |a Christianity  |z China  |x History  |y 21st century. 
700 1 |a Lim, Francis Khek Gee. 
830 0 |a Routledge studies in Asian religion and philosophy ;  |v 5. 
945 |a PromptCat 
948 |a cataloged  |b h  |c 2012/12/3  |d c  |e dmitchel  |f 8:30:20 am 
994 |a C0  |b TXA 
999 |a MARS 
999 f f |s c8bdd5f8-f5b3-3d53-a796-4e417d85a94f  |i c419b966-3479-3903-92ea-3fe128da1688  |t 0 
952 f f |p normal  |a Texas A&M University  |b College Station  |c Sterling C. Evans Library  |d Evans: Library Stacks  |t 0  |e BR1288 .C4955 2012  |h Library of Congress classification  |i unmediated -- volume  |m A14838074616 
998 f f |a BR1288 .C4955 2012  |t 0  |l Evans: Library Stacks